• 首页
  • 本馆介绍
  • 公告通知
  • 最新文献
  • 馆藏检索
  • 电子资源
  • 读者导购
  • 参考咨询
  • 我的图书馆
  • 登录
  • 详细信息显示
  • 放入我的书架
  • 预约/预借图书
  • 作者相关作品
  • 分类相关作品
  • 丛书相关作品
  • 出版社相关作品

书目信息

  • 表格格式
  • 工作单格式
  • 卡片格式
题名:
默克尔新传
    
 
作者: 王拥军 著
分册:  
出版信息: 北京   中央编译出版社  2015
页数: 280页
开本: 24cm
丛书名:
单 册:
中图分类: K835.167=6 , K835.167
科图分类:
主题词: 总理--传记--德国--现代
电子资源:
ISBN: 978-7-5117-2589-9
000 01212nam0 2200265 450
001 2351335131
005 20231213141549.94
010    @a978-7-5117-2589-9@dCNY 38.00
100    @a20150813d2015 em y0chiy0120 ea
101 0  @achi
102    @aCN@b110000
105    @ay z 000yb
200 1  @a默克尔新传@Amo ke er xin zhuan@b专著@e奋斗会让自己变得更强大@f王拥军著
210    @a北京@c中央编译出版社@d2015
215    @a280页@d24cm
300    @a全球最具影响力人物
330    @a安格拉·默克尔,2005年成功当选为德国总理,成为德国历史上第一位女总理,更传奇的是她在2009年和2013年的大选中成功连任,成为连任三届的女总理。第一位女总理和连任三届的女总理都给默克尔蒙上了一层神秘的面纱。关于默克尔,人们有太多的疑问,例如:她做为牧师的女儿为什么会选择神学?是什么促使她放弃科研工作投身政治?她如何做到用短短十几年的时间从政治菜鸟成长为德国总理?……本书带您走进默克尔的世界,展现其实干家、女汉子的独特风采。
517 1  @a奋斗会让自己变得更强大@Afen dou hui rang zi ji bian de geng qiang da
606 0  @a总理@x传记@y德国@z现代
610 0  @a默克尔(1954-)
690    @aK835.167=6@v5
690    @aK835.167@v4
701  0 @a王拥军@Awang yong jun@4著
801  2 @aCN@b辽宁北配@c20231205
905    @aZUCC@dK835.167@e19
    
    默克尔新传:奋斗会让自己变得更强大/王拥军著.-北京:中央编译出版社,2015
    280页;24cm
    全球最具影响力人物
    
    ISBN 978-7-5117-2589-9:CNY 38.00
    安格拉·默克尔,2005年成功当选为德国总理,成为德国历史上第一位女总理,更传奇的是她在2009年和2013年的大选中成功连任,成为连任三届的女总理。第一位女总理和连任三届的女总理都给默克尔蒙上了一层神秘的面纱。关于默克尔,人们有太多的疑问,例如:她做为牧师的女儿为什么会选择神学?是什么促使她放弃科研工作投身政治?她如何做到用短短十几年的时间从政治菜鸟成长为德国总理?……本书带您走进默克尔的世界,展现其实干家、女汉子的独特风采。
●
相关链接 在五车中查询图书 在当当中查询图书 在豆瓣中查询图书


正题名:默克尔新传     索取号:K835.167/19         预约/预借

序号 登录号 条形码 馆藏地/架位号 状态 备注
1 2001550908   2001550908   315书库/ [索取号:K835.167/19] 在馆    
2 2001550909   2001550909   319书库/ [索取号:K835.167/19] 在馆    
3 2001550910   2001550910   319书库/ [索取号:K835.167/19] 在馆    
4 2001550911   2001550911   319书库/ [索取号:K835.167/19] 在馆    
5 2001550912   2001550912   319书库/ [索取号:K835.167/19] 在馆    
6 2001550913   2001550913   319书库/ [索取号:K835.167/19] 在馆    
7 2001550914   2001550914   319书库/ [索取号:K835.167/19] 在馆    
8 2001550915   2001550915   319书库/ [索取号:K835.167/19] 在馆    
9 2001550916   2001550916   319书库/ [索取号:K835.167/19] 在馆    
10 2001550917   2001550917   319书库/ [索取号:K835.167/19] 在馆    
11 2001550918   2001550918   315书库/ [索取号:K835.167/19] 在馆    
12 2001550919   2001550919   315书库/ [索取号:K835.167/19] 在馆    
13 2001550920   2001550920   319书库/ [索取号:K835.167/19] 在馆    
14 2001550921   2001550921   319书库/ [索取号:K835.167/19] 在馆    
15 2001550922   2001550922   319书库/ [索取号:K835.167/19] 在馆    
16 2001550923   2001550923   319书库/ [索取号:K835.167/19] 在馆    
17 2001550924   2001550924   319书库/ [索取号:K835.167/19] 在馆    
18 2001550925   2001550925   319书库/ [索取号:K835.167/19] 在馆    
19 2001550926   2001550926   315书库/ [索取号:K835.167/19] 在馆    
20 2001550927   2001550927   315书库/ [索取号:K835.167/19] 在馆    
21 2001550928   2001550928   315书库/ [索取号:K835.167/19] 在馆    
22 2001550929   2001550929   319书库/ [索取号:K835.167/19] 在馆    
23 2001550930   2001550930   319书库/ [索取号:K835.167/19] 在馆    
24 2001550931   2001550931   319书库/ [索取号:K835.167/19] 在馆    
25 2001550932   2001550932   319书库/ [索取号:K835.167/19] 在馆    
26 2001550933   2001550933   319书库/ [索取号:K835.167/19] 在馆    
27 2001550934   2001550934   319书库/ [索取号:K835.167/19] 在馆    
28 2001550935   2001550935   319书库/ [索取号:K835.167/19] 在馆    
29 2001550936   2001550936   319书库/ [索取号:K835.167/19] 在馆    
30 2001550937   2001550937   319书库/ [索取号:K835.167/19] 在馆    
山东省滨州职业学院图书馆 欢迎您!
大连网信软件有限公司© 版权所有